|
|
|
|
| LEADER |
01203nam a2200313 4500 |
| 001 |
c000068742 |
| 003 |
CARM |
| 005 |
00000000000000.0 |
| 008 |
730126s1973 nju b 10000 eng |
| 019 |
1 |
|
|a 498361
|z 4030734
|5 LACONCORD2021
|
| 020 |
|
|
|a 0137108222
|a 0137108141 (pbk)
|
| 035 |
|
|
|a (OCoLC)578774
|5 LACONCORD2021
|
| 043 |
|
|
|a n-us---
|
| 050 |
|
|
|a HV9471
|b .P77
|
| 245 |
0 |
0 |
|a Prisoners in America.
|c [Lloyd E. Ohlin, editor]
|
| 260 |
|
|
|a Englewood Cliffs, N.J.,
|b Prentice-Hall
|c [1973]
|
| 300 |
|
|
|a iv, 216 p.
|c 22 cm.
|
| 490 |
0 |
|
|a A Spectrum book
|
| 500 |
|
|
|a Background reading for the forty-second American Assembly, held Dec., 1972, at Arden House, Harriman, N.Y.
|
| 504 |
|
|
|a Bibliography: p. 207-212.
|
| 650 |
|
0 |
|a Prisons
|z United States.
|
| 650 |
|
0 |
|a Corrections
|z United States.
|
| 650 |
|
0 |
|a Criminal justice, Administration of
|z United States.
|
| 700 |
1 |
|
|a Ohlin, Lloyd E.
|e ed.
|
| 710 |
2 |
0 |
|a American Assembly.
|
| 852 |
8 |
|
|b CARM
|h A2:AF02C0
|i B01867
|p 0080718
|f BK
|
| 082 |
0 |
4 |
|a 365/.973
|
| 999 |
f |
f |
|i eecbd9e7-05c5-5489-807d-d785d4243b32
|s a7e5b9a7-a6a5-541b-9c16-5c2db152a53c
|
| 952 |
f |
f |
|p Can circulate
|a CAVAL
|b CAVAL
|c CAVAL
|d CARM 1 Store
|e B01867
|f A2:AF02C0
|h Other scheme
|i book
|m 0080718
|